00171nam a2200073Ia 4500008004100000082001500041100002200056245001900078240331s9999 xx 000 0 und d a305.8bULL aMahindapala,S. ed 0aUlle oru parwi